| 000 | 00344 a2200133 4500 | ||
|---|---|---|---|
| 999 |
_c325360 _d325360 |
||
| 001 | 90287 | ||
| 003 | NUST | ||
| 082 | _a891.4393 TAR | ||
| 100 |
_aTarrar Mustansar Hussain _99814 |
||
| 245 |
_aKhas-o-Khaashaak Zamaanay _hUrdu |
||
| 260 |
_aLahore _bSang-e- Meel Publications _c2010 |
||
| 300 | _a740p. | ||
| 500 | _aGeneral Books | ||
| 942 |
_aCAE NUST _cBK _k891.4393 TAR _2ddc |
||